[Event "448. Wednesday (05.08.2020)"]
[Site "Official B"]
[Date "2020.08.05"]
[Round "4"]
[White "Chesstiger9"]
[Black "Duckduck"]
[Result "1-0"]
[WhiteElo "1939"]
[BlackElo "1422"]
[Annotator "TA"]
[PlyCount "57"]
[EventDate "2020.08.05"]
[EventType "swiss (blitz)"]

{[%evp 9,57,14,42,41,78,35,66,10,40,0,9,-28,-23,-41,91,92,130,106,113,38,122,118,215,203,248,225,348,292,385,357,501,488,568,564,554,549,654,652,645,639,562,457,493,289,515,512,1022,919,874,606]} 1. e4 e6 2. d3 d6 3. g3 b6 4. Bg2 Bb7 5. Ne2 Nf6 6. O-O {C00: French: Unusual White 2nd moves.} Be7 7. f4 {[#]} (7. e5 $5 Bxg2 8. exf6 Bxf1 9. fxe7 Qxe7 10. Qxf1 $16) 7... O-O $146 ({Predecessor:} 7... Nbd7 8. Nd2 Ng4 9. Nf3 d5 10. h3 Bc5+ 11. d4 dxe4 12. Ng5 h6 13. Nxe4 Be7 14. hxg4 {1-0 (25) Escudeiro Tilve,R-Suarez Roa,J (2218) Vigo 2003}) 8. h3 (8. e5 $14 Bxg2 9. exf6 Bxf1 10. fxe7 Qxe7 11. Qxf1) 8... Ne8 9. f5 exf5 10. exf5 Bxg2 11. Kxg2 f6 (11... d5 $15 {stays ahead.}) 12. Nf4 $16 Rf7 13. Ne6 $36 {[%mdl 2048] Keeping Black busy.} Qd7 14. d4 (14. Qh5 $16) 14... c5 (14... d5 $14) 15. d5 Nc7 (15... b5 $16 {was worth a try.}) 16. c4 Bf8 17. Nc3 Re7 (17... Qc8 $142 18. Bf4 Nd7) 18. Bf4 a6 19. a4 b5 (19... a5 $142 20. Ne4 Re8) 20. axb5 $18 axb5 21. Rxa8 Nxa8 22. Nxb5 Re8 23. Re1 Nb6 24. b3 Na6 25. g4 Nb4 26. Re2 (26. Nxf8 $142 Rxf8 27. Nxd6) 26... Ra8 $2 {[#]} (26... N6xd5 {was necessary.} 27. Bg3 g5) 27. Nxf8 {White is clearly winning.} Kxf8 (27... Rxf8 $142 28. Nxd6 Na6) 28. Bxd6+ Kg8 29. Bxc5 {Accuracy: White = 59%, Black = 19%.} 1-0

[Event "448. Wednesday (05.08.2020)"]
[Site "Official B"]
[Date "2020.08.05"]
[Round "4"]
[White "Tvtower68"]
[Black "LangesNasenhaar"]
[Result "0-1"]
[WhiteElo "1872"]
[BlackElo "2183"]
[Annotator "NA RC"]
[PlyCount "82"]
[EventDate "2020.08.05"]
[EventType "swiss (blitz)"]

1. e4 {[%emt 0:00:03]} d6 {[%emt 0:00:01]} 2. h3 {[%emt 0:00:03]} Nf6 {[%emt 0:00:01]} 3. Nc3 {[%emt 0:00:04]} e5 {[%emt 0:00:01]} 4. Nf3 {[%emt 0:00:02]} Be7 {[%emt 0:00:01]} 5. d4 {[%emt 0:00:01]} Nbd7 {[%emt 0:00:03]} 6. Bb5 {[%emt 0:00:04]} c6 {[%emt 0:00:01]} 7. Bc4 {[%emt 0:00:05]} b5 {[%emt 0:00:02]} 8. Bd3 {[%emt 0:00:07]} Bb7 {[%emt 0:00:11]} 9. a3 {[%emt 0:00:03]} O-O {[%emt 0:00:04]} 10. b3 {[%emt 0:00:06]} a5 {[%emt 0:00:22]} 11. Bb2 {[%emt 0:00:04]} b4 {[%emt 0:00:01]} 12. axb4 {[%emt 0:00:01]} axb4 {[%emt 0:00:01]} 13. Na4 {[%emt 0:00:12]} exd4 {[%emt 0:00:07]} 14. Nxd4 {[%emt 0:00:22]} c5 {[%emt 0:00:01]} 15. Nf5 {[%emt 0:00:01]} Ne5 {[%emt 0:00:11]} 16. Qe2 {[%emt 0:00:25]} Re8 {[%emt 0:00:09]} 17. O-O {[%emt 0:00:03]} Bf8 {[%emt 0:00:04]} 18. Bb5 {[%emt 0:00:11]} Nc6 {[%emt 0:00:15]} 19. Bd3 {[%emt 0:00:24]} g6 {[%emt 0:00:04]} 20. Ne3 {[%emt 0:00:07]} Bg7 {[%emt 0:00:05]} 21. Qf3 {[%emt 0:00:11]} Ne5 {[%emt 0:00:04]} 22. Qf4 {[%emt 0:00:08]} Nh5 {[%emt 0:00:08]} 23. Qh2 {[%emt 0:00:13]} Bh6 {[%emt 0:00:26]} 24. Ng4 {[%emt 0:00:13]} Bf4 {[%emt 0:00:08]} 25. Qh1 {[%emt 0:00:13]} Nxg4 {[%emt 0:00:15]} 26. hxg4 {[%emt 0:00:02]} Ng7 {[%emt 0:00:01]} 27. g3 {[%emt 0:00:14]} Be5 {[%emt 0:00:08]} 28. Qh6 {[%emt 0:00:06]} Bxb2 {[%emt 0:00:13]} 29. Nxb2 {[%emt 0:00:02]} Rxa1 {[%emt 0:00:04]} 30. Rxa1 {[%emt 0:00:02]} Bxe4 {[%emt 0:00:01]} 31. Bxe4 {[%emt 0:00:10]} Rxe4 {[%emt 0:00:05]} 32. Kg2 {[%emt 0:00:07]} Re8 {[%emt 0:00:22]} 33. Rh1 {[%emt 0:00:05]} Qa8+ {[%emt 0:00:08]} 34. Kh2 {[%emt 0:00:17]} Qf3 {[%emt 0:00:06]} 35. Qf4 {[%emt 0:00:15]} Qxf4 {[%emt 0:00:02]} 36. gxf4 {[%emt 0:00:01]} Re2 {[%emt 0:00:01]} 37. Ra1 {[%emt 0:00:08]} Ne6 {[%emt 0:00:02]} 38. f5 {[%emt 0:00:01]} Rxf2+ {[%emt 0:00:06]} 39. Kg3 {[%emt 0:00:01]} Rxc2 {[%emt 0:00:01]} 40. f6 {[%emt 0:00:02]} Rxb2 {[%emt 0:00:03]} 41. Ra8+ {[%emt 0:00:02]} Nf8 {[%emt 0:00:01] Time (Lag: Av=0.37s, max=0.5s)} 0-1

[Event "448. Wednesday (05.08.2020)"]
[Site "Official B"]
[Date "2020.08.05"]
[Round "4"]
[White "Dukic"]
[Black "Ppngh"]
[Result "0-1"]
[WhiteElo "1867"]
[BlackElo "1777"]
[Annotator "NA RC"]
[PlyCount "72"]
[EventDate "2020.08.05"]
[EventType "swiss (blitz)"]

1. c4 {[%emt 0:00:05]} e6 {[%emt 0:00:04]} 2. Nc3 {[%emt 0:00:01]} d5 {[%emt 0:00:01]} 3. d4 {[%emt 0:00:02]} Nf6 {[%emt 0:00:02]} 4. Nf3 {[%emt 0:00:01]} c6 {[%emt 0:00:02]} 5. e3 {[%emt 0:00:02]} Bd6 {[%emt 0:00:03]} 6. b3 {[%emt 0:00:03]} Nbd7 {[%emt 0:00:03]} 7. Bb2 {[%emt 0:00:02]} O-O {[%emt 0:00:04]} 8. Bd3 {[%emt 0:00:01]} e5 {[%emt 0:00:27]} 9. dxe5 {[%emt 0:00:07]} Nxe5 {[%emt 0:00:02]} 10. Nxe5 {[%emt 0:00:24]} Bxe5 {[%emt 0:00:03]} 11. cxd5 {[%emt 0:00:01]} Nxd5 {[%emt 0:00:12]} 12. Rc1 {[%emt 0:00:31]} Nxc3 {[%emt 0:00:05]} 13. Bxc3 {[%emt 0:00:04]} Bxc3+ {[%emt 0:00:04]} 14. Rxc3 {[%emt 0:00:01]} g6 {[%emt 0:00:11]} 15. O-O {[%emt 0:00:16]} Qg5 {[%emt 0:00:03]} 16. f4 {[%emt 0:00:04]} Qa5 {[%emt 0:00:28]} 17. Rc2 {[%emt 0:00:17]} Qb6 {[%emt 0:00:05]} 18. Qf3 {[%emt 0:00:05]} Bg4 {[%emt 0:00:09]} 19. Qf2 {[%emt 0:00:07]} Rfe8 {[%emt 0:00:12]} 20. Re1 {[%emt 0:00:04]} Rad8 {[%emt 0:00:13]} 21. Bc4 {[%emt 0:00:03]} Bf5 {[%emt 0:00:06]} 22. Rd2 {[%emt 0:00:08]} Rxd2 {[%emt 0:00:35]} 23. Qxd2 {[%emt 0:00:02]} Rd8 {[%emt 0:00:04]} 24. Qc3 {[%emt 0:00:12]} Be4 {[%emt 0:00:07]} 25. Qe5 {[%emt 0:00:18]} Bf5 {[%emt 0:00:13]} 26. Qe7 {[%emt 0:00:09]} Rf8 {[%emt 0:00:09]} 27. h3 {[%emt 0:00:19]} Qd8 {[%emt 0:00:11]} 28. Qxb7 {[%emt 0:00:09]} Qd2 {[%emt 0:00:07]} 29. Re2 {[%emt 0:00:01]} Qd1+ {[%emt 0:00:02]} 30. Kh2 {[%emt 0:00:01]} Bd3 {[%emt 0:00:07]} 31. Rf2 {[%emt 0:00:27]} Bxc4 {[%emt 0:00:03]} 32. bxc4 {[%emt 0:00:02]} Qe1 {[%emt 0:00:07]} 33. Rf3 {[%emt 0:00:03]} Rd8 {[%emt 0:00:17]} 34. Qxc6 {[%emt 0:00:20]} Rd1 {[%emt 0:00:03]} 35. Qa8+ {[%emt 0:00:27]} Kg7 {[%emt 0:00:02]} 36. Qxa7 {[%emt 0:00:02]} h5 {[%emt 0:00:07] Zeit (Lag: Av=0.50s, max=1.2s)} 0-1

[Event "448. Wednesday (05.08.2020)"]
[Site "Official B"]
[Date "2020.08.05"]
[Round "4"]
[White "B1b"]
[Black "Chessalex"]
[Result "0-1"]
[WhiteElo "1856"]
[BlackElo "1675"]
[Annotator "NA RC"]
[PlyCount "94"]
[EventDate "2020.08.05"]
[EventType "swiss (blitz)"]

1. e4 {[%emt 0:00:01]} c5 {[%emt 0:00:03]} 2. Nf3 {[%emt 0:00:01]} d6 {[%emt 0:00:02]} 3. d4 {[%emt 0:00:02]} cxd4 {[%emt 0:00:02]} 4. Nxd4 {[%emt 0:00:00]} Nf6 {[%emt 0:00:01]} 5. Nc3 {[%emt 0:00:01]} a6 {[%emt 0:00:01]} 6. h3 {[%emt 0:00:03]} e5 {[%emt 0:00:03]} 7. Nf3 {[%emt 0:00:02]} h5 {[%emt 0:00:01]} 8. Bc4 {[%emt 0:00:04]} Be7 {[%emt 0:00:02]} 9. Bg5 {[%emt 0:00:05]} b5 {[%emt 0:00:02]} 10. Bd3 {[%emt 0:00:07]} Bb7 {[%emt 0:00:01]} 11. a3 {[%emt 0:00:02]} Nbd7 {[%emt 0:00:01]} 12. Qd2 {[%emt 0:00:03]} Nc5 {[%emt 0:00:02]} 13. O-O {[%emt 0:00:03]} O-O {[%emt 0:00:03]} 14. Rfe1 {[%emt 0:00:02]} Nxd3 {[%emt 0:00:02]} 15. cxd3 {[%emt 0:00:00]} Rc8 {[%emt 0:00:02]} 16. Nh4 {[%emt 0:00:05]} d5 {[%emt 0:00:03]} 17. Nf5 {[%emt 0:00:07]} dxe4 {[%emt 0:00:02]} 18. Nxe7+ {[%emt 0:00:01]} Qxe7 {[%emt 0:00:03]} 19. Nxe4 {[%emt 0:00:08]} Bxe4 {[%emt 0:00:05]} 20. Rxe4 {[%emt 0:00:01]} Qe6 {[%emt 0:00:01]} 21. Rh4 {[%emt 0:00:13]} g6 {[%emt 0:00:04]} 22. Re1 {[%emt 0:00:12]} Nd5 {[%emt 0:00:02]} 23. Bh6 {[%emt 0:00:18]} Rfe8 {[%emt 0:00:01]} 24. Qg5 {[%emt 0:00:12]} Qf6 {[%emt 0:00:02]} 25. Qg3 {[%emt 0:00:11]} Rc2 {[%emt 0:00:16]} 26. d4 {[%emt 0:00:39]} Rec8 {[%emt 0:00:37]} 27. dxe5 {[%emt 0:00:11]} Qf5 {[%emt 0:00:04]} 28. Rd4 {[%emt 0:00:21]} Qe6 {[%emt 0:00:09]} 29. Bg5 {[%emt 0:00:16]} Rxb2 {[%emt 0:00:07]} 30. Qd3 {[%emt 0:00:18]} Rc5 {[%emt 0:00:17]} 31. Rd1 {[%emt 0:00:18]} Rc3 {[%emt 0:00:23]} 32. Rxd5 {[%emt 0:00:32]} Rxd3 {[%emt 0:00:02]} 33. Rd8+ {[%emt 0:00:10]} Rxd8 {[%emt 0:00:05]} 34. Rxd8+ {[%emt 0:00:00]} Kh7 {[%emt 0:00:08]} 35. Bf6 {[%emt 0:00:01]} Qxf6 {[%emt 0:00:18]} 36. exf6 {[%emt 0:00:00]} Kh6 {[%emt 0:00:01]} 37. Rd7 {[%emt 0:00:01]} Kg5 {[%emt 0:00:04]} 38. Rxf7 {[%emt 0:00:01]} Rb1+ {[%emt 0:00:03]} 39. Kh2 {[%emt 0:00:01]} Rd1 {[%emt 0:00:11]} 40. h4+ {[%emt 0:00:00]} Kf5 {[%emt 0:00:02]} 41. Rf8 {[%emt 0:00:00]} Ke6 {[%emt 0:00:01]} 42. Ra8 {[%emt 0:00:02]} Kxf6 {[%emt 0:00:02]} 43. Rxa6+ {[%emt 0:00:01]} Kf5 {[%emt 0:00:01]} 44. Rb6 {[%emt 0:00:00]} Rd5 {[%emt 0:00:02]} 45. a4 {[%emt 0:00:01]} bxa4 {[%emt 0:00:02]} 46. Ra6 {[%emt 0:00:01]} Rd4 {[%emt 0:00:01]} 47. Rxa4 {[%emt 0:00:00]} Rxa4 {[%emt 0:00:01] Time (Lag: Av=0.85s, max=1.3s)} 0-1

[Event "448. Wednesday (05.08.2020)"]
[Site "Official B"]
[Date "2020.08.05"]
[Round "4"]
[White "Joroger"]
[Black "W0rthl33s"]
[Result "1-0"]
[WhiteElo "1846"]
[BlackElo "1516"]
[Annotator "NA RC"]
[PlyCount "69"]
[EventDate "2020.08.05"]
[EventType "swiss (blitz)"]

1. d4 {[%emt 0:00:02]} d6 {[%emt 0:00:01]} 2. c4 {[%emt 0:00:00]} e5 {[%emt 0:00:01]} 3. Nf3 {[%emt 0:00:02]} e4 {[%emt 0:00:01]} 4. Ng5 {[%emt 0:00:01]} f5 {[%emt 0:00:00]} 5. g3 {[%emt 0:00:03]} Be7 {[%emt 0:00:01]} 6. Nh3 {[%emt 0:00:01]} Nf6 {[%emt 0:00:01]} 7. Bg2 {[%emt 0:00:01]} c6 {[%emt 0:00:02]} 8. O-O {[%emt 0:00:01]} O-O {[%emt 0:00:03]} 9. b3 {[%emt 0:00:02]} Be6 {[%emt 0:00:04]} 10. Ng5 {[%emt 0:00:01]} Bf7 {[%emt 0:00:03]} 11. Nxf7 {[%emt 0:00:01]} Rxf7 {[%emt 0:00:03]} 12. Nc3 {[%emt 0:00:03]} d5 {[%emt 0:00:01]} 13. Bg5 {[%emt 0:00:09]} dxc4 {[%emt 0:00:13]} 14. bxc4 {[%emt 0:00:01]} Na6 {[%emt 0:00:11]} 15. Rb1 {[%emt 0:00:05]} b6 {[%emt 0:00:04]} 16. Qb3 {[%emt 0:00:08]} Kf8 {[%emt 0:00:06]} 17. Rfd1 {[%emt 0:00:03]} Nc7 {[%emt 0:00:07]} 18. Bf4 {[%emt 0:00:11]} Bd6 {[%emt 0:00:09]} 19. Bxd6+ {[%emt 0:00:03]} Qxd6 {[%emt 0:00:02]} 20. e3 {[%emt 0:00:01]} g5 {[%emt 0:00:11]} 21. f3 {[%emt 0:00:07]} exf3 {[%emt 0:00:07]} 22. Bxf3 {[%emt 0:00:01]} f4 {[%emt 0:00:05]} 23. Ne4 {[%emt 0:00:06]} Nxe4 {[%emt 0:00:02]} 24. Bxe4 {[%emt 0:00:01]} fxe3 {[%emt 0:00:03]} 25. Qxe3 {[%emt 0:00:01]} h6 {[%emt 0:00:05]} 26. c5 {[%emt 0:00:15]} Qe7 {[%emt 0:00:12]} 27. cxb6 {[%emt 0:00:04]} axb6 {[%emt 0:00:02]} 28. Qd3 {[%emt 0:00:06]} Re8 {[%emt 0:00:06]} 29. Bxc6 {[%emt 0:00:03]} Qe3+ {[%emt 0:00:04]} 30. Qxe3 {[%emt 0:00:04]} Rxe3 {[%emt 0:00:01]} 31. Rxb6 {[%emt 0:00:18]} Re2 {[%emt 0:00:19]} 32. Rb8+ {[%emt 0:00:10]} Kg7 {[%emt 0:00:04]} 33. Rb7 {[%emt 0:00:01]} Kg6 {[%emt 0:00:16]} 34. a4 {[%emt 0:00:12]} Rff2 {[%emt 0:00:15]} 35. Rxc7 {[%emt 0:00:06] W0rthl33s gibt auf (Lag: Av=0.85s, max=1.2s)} 1-0

[Event "448. Wednesday (05.08.2020)"]
[Site "Official B"]
[Date "2020.08.05"]
[Round "4"]
[White "Smart-arse"]
[Black "Alex29"]
[Result "0-1"]
[WhiteElo "1845"]
[BlackElo "1774"]
[Annotator "NA RC"]
[PlyCount "120"]
[EventDate "2020.08.05"]
[EventType "swiss (blitz)"]

1. e4 {[%emt 0:00:01]} e5 {[%emt 0:00:17]} 2. Nf3 {[%emt 0:00:03]} Nc6 {[%emt 0:00:01]} 3. Bb5 {[%emt 0:00:02]} a6 {[%emt 0:00:01]} 4. Ba4 {[%emt 0:00:02]} Bc5 {[%emt 0:00:03]} 5. O-O {[%emt 0:00:08]} Nf6 {[%emt 0:00:04]} 6. Bxc6 {[%emt 0:01:00]} dxc6 {[%emt 0:00:24]} 7. Nxe5 {[%emt 0:00:01]} O-O {[%emt 0:00:02]} 8. d3 {[%emt 0:00:03]} Re8 {[%emt 0:00:01]} 9. Nf3 {[%emt 0:00:10]} h6 {[%emt 0:00:01]} 10. h3 {[%emt 0:00:32]} Bb6 {[%emt 0:00:01]} 11. Nbd2 {[%emt 0:00:06]} Nd7 {[%emt 0:00:15]} 12. b3 {[%emt 0:00:05]} Qf6 {[%emt 0:00:02]} 13. Rb1 {[%emt 0:00:03]} Ne5 {[%emt 0:00:01]} 14. Bb2 {[%emt 0:00:03]} Nxf3+ {[%emt 0:00:01]} 15. Nxf3 {[%emt 0:00:00]} Qe7 {[%emt 0:00:05]} 16. Qd2 {[%emt 0:00:29]} f6 {[%emt 0:00:03]} 17. Rfe1 {[%emt 0:00:04]} Qf7 {[%emt 0:00:01]} 18. d4 {[%emt 0:00:04]} Qh5 {[%emt 0:00:02]} 19. Qd3 {[%emt 0:00:08]} Be6 {[%emt 0:00:07]} 20. c4 {[%emt 0:00:02]} Rad8 {[%emt 0:00:04]} 21. Rbd1 {[%emt 0:00:08]} c5 {[%emt 0:00:08]} 22. d5 {[%emt 0:00:02]} Bf7 {[%emt 0:00:02]} 23. e5 {[%emt 0:00:03]} fxe5 {[%emt 0:00:03]} 24. Rxe5 {[%emt 0:00:01]} Qg6 {[%emt 0:00:07]} 25. Qd2 {[%emt 0:00:14]} c6 {[%emt 0:00:09]} 26. Rxe8+ {[%emt 0:00:01]} Bxe8 {[%emt 0:00:04]} 27. d6 {[%emt 0:00:03]} Bd7 {[%emt 0:00:01]} 28. Kh2 {[%emt 0:00:06]} Rf8 {[%emt 0:00:23]} 29. Ne5 {[%emt 0:00:03]} Qe6 {[%emt 0:00:05]} 30. Nxd7 {[%emt 0:00:01]} Qxd7 {[%emt 0:00:01]} 31. Be5 {[%emt 0:00:10]} Bd8 {[%emt 0:00:02]} 32. Bg3 {[%emt 0:00:01]} Bf6 {[%emt 0:00:05]} 33. Re1 {[%emt 0:00:02]} Re8 {[%emt 0:00:02]} 34. Rxe8+ {[%emt 0:00:03]} Qxe8 {[%emt 0:00:01]} 35. d7 {[%emt 0:00:00]} Qd8 {[%emt 0:00:02]} 36. Qd6 {[%emt 0:00:01]} Kh7 {[%emt 0:00:07]} 37. a4 {[%emt 0:00:04]} h5 {[%emt 0:00:01]} 38. Bf4 {[%emt 0:00:08]} h4 {[%emt 0:00:02]} 39. Kg1 {[%emt 0:00:12]} Qb6 {[%emt 0:00:09]} 40. Be3 {[%emt 0:00:02]} Qxb3 {[%emt 0:00:04]} 41. d8=Q {[%emt 0:00:03]} Bxd8 {[%emt 0:00:01]} 42. Qxd8 {[%emt 0:00:01]} Qxc4 {[%emt 0:00:01]} 43. Qd2 {[%emt 0:00:04]} Qxa4 {[%emt 0:00:04]} 44. Qd3+ {[%emt 0:00:01]} Kg8 {[%emt 0:00:02]} 45. Qd8+ {[%emt 0:00:02]} Kf7 {[%emt 0:00:02]} 46. Qd7+ {[%emt 0:00:01]} Kg8 {[%emt 0:00:01]} 47. Qc8+ {[%emt 0:00:03]} Kh7 {[%emt 0:00:02]} 48. Qxb7 {[%emt 0:00:03]} Qb5 {[%emt 0:00:03]} 49. Qxb5 {[%emt 0:00:02]} cxb5 {[%emt 0:00:01]} 50. Bxc5 {[%emt 0:00:00]} Kg6 {[%emt 0:00:02]} 51. Bb4 {[%emt 0:00:01]} Kf5 {[%emt 0:00:00]} 52. g3 {[%emt 0:00:00]} hxg3 {[%emt 0:00:02]} 53. fxg3 {[%emt 0:00:00]} Ke4 {[%emt 0:00:00]} 54. Kg2 {[%emt 0:00:01]} Kd4 {[%emt 0:00:01]} 55. g4 {[%emt 0:00:01]} Kc4 {[%emt 0:00:01]} 56. Be1 {[%emt 0:00:03]} b4 {[%emt 0:00:01]} 57. h4 {[%emt 0:00:01]} b3 {[%emt 0:00:01]} 58. Bg3 {[%emt 0:00:01]} b2 {[%emt 0:00:01]} 59. Be5 {[%emt 0:00:01]} b1=Q {[%emt 0:00:00]} 60. Bxg7 {[%emt 0:00:00]} Kd3 {[%emt 0:00:04] Time (Lag: Av=1.00s, max=1.6s)} 0-1

[Event "448. Wednesday (05.08.2020)"]
[Site "Official B"]
[Date "2020.08.05"]
[Round "4"]
[White "Legenda56"]
[Black "Sedarpl"]
[Result "0-1"]
[WhiteElo "1844"]
[BlackElo "2172"]
[Annotator "NA RC"]
[PlyCount "108"]
[EventDate "2020.08.05"]
[EventType "swiss (blitz)"]

1. d4 {[%emt 0:00:03]} Nf6 {[%emt 0:00:01]} 2. Nf3 {[%emt 0:00:00]} e6 {[%emt 0:00:03]} 3. c4 {[%emt 0:00:01]} c5 {[%emt 0:00:03]} 4. d5 {[%emt 0:00:02]} d6 {[%emt 0:00:02]} 5. Nc3 {[%emt 0:00:02]} Be7 {[%emt 0:00:02]} 6. e4 {[%emt 0:00:04]} e5 {[%emt 0:00:02]} 7. Bd3 {[%emt 0:00:10]} O-O {[%emt 0:00:03]} 8. O-O {[%emt 0:00:02]} Ne8 {[%emt 0:00:02]} 9. h3 {[%emt 0:00:01]} f5 {[%emt 0:00:02]} 10. exf5 {[%emt 0:00:04]} Bxf5 {[%emt 0:00:03]} 11. Bxf5 {[%emt 0:00:10]} Rxf5 {[%emt 0:00:00]} 12. Ne4 {[%emt 0:00:03]} Na6 {[%emt 0:00:06]} 13. a3 {[%emt 0:00:02]} Qd7 {[%emt 0:00:05]} 14. Ng3 {[%emt 0:00:02]} Rf7 {[%emt 0:00:06]} 15. Ng5 {[%emt 0:00:03]} Bxg5 {[%emt 0:00:05]} 16. Bxg5 {[%emt 0:00:02]} b5 {[%emt 0:00:04]} 17. b3 {[%emt 0:00:04]} Nec7 {[%emt 0:00:05]} 18. Ne4 {[%emt 0:00:07]} Raf8 {[%emt 0:00:05]} 19. f3 {[%emt 0:00:01]} h6 {[%emt 0:00:09]} 20. Be3 {[%emt 0:00:02]} bxc4 {[%emt 0:00:04]} 21. bxc4 {[%emt 0:00:02]} Na8 {[%emt 0:00:03]} 22. Qc2 {[%emt 0:00:15]} Nb6 {[%emt 0:00:04]} 23. Rfb1 {[%emt 0:00:02]} Nc7 {[%emt 0:00:06]} 24. a4 {[%emt 0:00:05]} Na6 {[%emt 0:00:05]} 25. Bd2 {[%emt 0:00:07]} Qf5 {[%emt 0:00:09]} 26. a5 {[%emt 0:00:07]} Nc8 {[%emt 0:00:09]} 27. Rb2 {[%emt 0:00:13]} Qg6 {[%emt 0:00:07]} 28. Kh1 {[%emt 0:00:02]} Rxf3 {[%emt 0:00:11]} 29. gxf3 {[%emt 0:00:26]} Rxf3 {[%emt 0:00:00]} 30. Ng5 {[%emt 0:00:05]} Qxc2 {[%emt 0:00:06]} 31. Rxc2 {[%emt 0:00:02]} hxg5 {[%emt 0:00:01]} 32. Bxg5 {[%emt 0:00:01]} Rxh3+ {[%emt 0:00:05]} 33. Kg2 {[%emt 0:00:09]} Rh5 {[%emt 0:00:01]} 34. Bd2 {[%emt 0:00:03]} Kh7 {[%emt 0:00:07]} 35. Ra3 {[%emt 0:00:02]} g5 {[%emt 0:00:04]} 36. Rh3 {[%emt 0:00:02]} Kg6 {[%emt 0:00:04]} 37. Rxh5 {[%emt 0:00:01]} Kxh5 {[%emt 0:00:01]} 38. Kg3 {[%emt 0:00:02]} Ne7 {[%emt 0:00:04]} 39. Bc3 {[%emt 0:00:04]} Nf5+ {[%emt 0:00:03]} 40. Kf3 {[%emt 0:00:01]} Nd4+ {[%emt 0:00:04]} 41. Bxd4 {[%emt 0:00:01]} g4+ {[%emt 0:00:13]} 42. Kg3 {[%emt 0:00:07]} cxd4 {[%emt 0:00:09]} 43. Rh2+ {[%emt 0:00:05]} Kg5 {[%emt 0:00:04]} 44. Rh8 {[%emt 0:00:01]} Nc5 {[%emt 0:00:06]} 45. Rg8+ {[%emt 0:00:04]} Kf5 {[%emt 0:00:04]} 46. Rf8+ {[%emt 0:00:13]} Ke4 {[%emt 0:00:04]} 47. Kxg4 {[%emt 0:00:04]} d3 {[%emt 0:00:02]} 48. Rf1 {[%emt 0:00:08]} d2 {[%emt 0:00:05]} 49. Rd1 {[%emt 0:00:03]} Kd3 {[%emt 0:00:03]} 50. Kf3 {[%emt 0:00:03]} e4+ {[%emt 0:00:03]} 51. Kf4 {[%emt 0:00:06]} e3 {[%emt 0:00:01]} 52. Ra1 {[%emt 0:00:05]} e2 {[%emt 0:00:05]} 53. Ra3+ {[%emt 0:00:02]} Kxc4 {[%emt 0:00:04]} 54. Re3 {[%emt 0:00:14]} e1=Q {[%emt 0:00:03] Zeit (Lag: Av=0.72s, max=1.2s)} 0-1

[Event "448. Wednesday (05.08.2020)"]
[Site "Official B"]
[Date "2020.08.05"]
[Round "4"]
[White "Haris kollari 13"]
[Black "Martin Reiß"]
[Result "0-1"]
[WhiteElo "1839"]
[BlackElo "1772"]
[Annotator "NA RC"]
[PlyCount "60"]
[EventDate "2020.08.05"]
[EventType "swiss (blitz)"]

1. e4 {[%emt 0:00:01]} c6 {[%emt 0:00:01]} 2. d4 {[%emt 0:00:03]} d5 {[%emt 0:00:01]} 3. e5 {[%emt 0:00:02]} Bf5 {[%emt 0:00:02]} 4. f4 {[%emt 0:00:01]} h6 {[%emt 0:00:02]} 5. Nf3 {[%emt 0:00:01]} Nd7 {[%emt 0:00:02]} 6. Bd3 {[%emt 0:00:01]} Bg4 {[%emt 0:00:04]} 7. c3 {[%emt 0:00:02]} e6 {[%emt 0:00:02]} 8. h3 {[%emt 0:00:01]} Bxf3 {[%emt 0:00:02]} 9. Qxf3 {[%emt 0:00:01]} Qh4+ {[%emt 0:00:07]} 10. g3 {[%emt 0:00:01]} Qd8 {[%emt 0:00:01]} 11. Be3 {[%emt 0:00:01]} c5 {[%emt 0:00:07]} 12. Nd2 {[%emt 0:00:02]} cxd4 {[%emt 0:00:01]} 13. cxd4 {[%emt 0:00:02]} Qb6 {[%emt 0:00:06]} 14. O-O {[%emt 0:00:06]} Bb4 {[%emt 0:00:05]} 15. Nb3 {[%emt 0:00:02]} Ne7 {[%emt 0:00:03]} 16. g4 {[%emt 0:00:01]} Nc6 {[%emt 0:00:07]} 17. Rac1 {[%emt 0:00:14]} O-O {[%emt 0:00:04]} 18. f5 {[%emt 0:00:02]} exf5 {[%emt 0:00:02]} 19. gxf5 {[%emt 0:00:01]} a5 {[%emt 0:00:14]} 20. a3 {[%emt 0:00:05]} a4 {[%emt 0:00:07]} 21. Nc5 {[%emt 0:00:11]} Bxc5 {[%emt 0:00:02]} 22. dxc5 {[%emt 0:00:01]} Qxb2 {[%emt 0:00:06]} 23. Bf4 {[%emt 0:00:12]} Ndxe5 {[%emt 0:00:04]} 24. Qg3 {[%emt 0:00:14]} Qd4+ {[%emt 0:00:10]} 25. Kh2 {[%emt 0:00:20]} Qxd3 {[%emt 0:00:01]} 26. Qh4 {[%emt 0:00:14]} Nf3+ {[%emt 0:00:17]} 27. Rxf3 {[%emt 0:00:01]} Qxf3 {[%emt 0:00:02]} 28. f6 {[%emt 0:00:03]} Rae8 {[%emt 0:00:33]} 29. fxg7 {[%emt 0:00:05]} Re2+ {[%emt 0:00:01]} 30. Kg1 {[%emt 0:00:05]} Qg2# {[%emt 0:00:08] (Lag: Av=0.42s, max=0.9s)} 0-1

[Event "448. Wednesday (05.08.2020)"]
[Site "Official B"]
[Date "2020.08.05"]
[Round "4"]
[White "Halligalli1601"]
[Black "Black Pianist"]
[Result "0-1"]
[WhiteElo "1804"]
[BlackElo "2016"]
[Annotator "NA RC"]
[PlyCount "40"]
[EventDate "2020.08.05"]
[EventType "swiss (blitz)"]

1. e4 {[%emt 0:00:03]} c5 {[%emt 0:00:16]} 2. Nf3 {[%emt 0:00:03]} d6 {[%emt 0:00:01]} 3. d4 {[%emt 0:00:02]} cxd4 {[%emt 0:00:00]} 4. Nxd4 {[%emt 0:00:01]} Nf6 {[%emt 0:00:01]} 5. Nc3 {[%emt 0:00:01]} Nc6 {[%emt 0:00:00]} 6. Bc4 {[%emt 0:00:03]} Qb6 {[%emt 0:00:02]} 7. Nb3 {[%emt 0:00:03]} e6 {[%emt 0:00:02]} 8. Be3 {[%emt 0:00:02]} Qc7 {[%emt 0:00:02]} 9. Qd2 {[%emt 0:00:09]} a6 {[%emt 0:00:01]} 10. O-O {[%emt 0:00:21]} Ng4 {[%emt 0:00:08]} 11. Bg5 {[%emt 0:00:06]} d5 {[%emt 0:00:03]} 12. Bf4 {[%emt 0:00:04]} Nge5 {[%emt 0:00:21]} 13. Bxd5 {[%emt 0:00:05]} exd5 {[%emt 0:00:04]} 14. Nxd5 {[%emt 0:00:01]} Qd8 {[%emt 0:00:14]} 15. Nd4 {[%emt 0:00:18]} Bd6 {[%emt 0:00:14]} 16. Nxc6 {[%emt 0:00:24]} bxc6 {[%emt 0:00:03]} 17. Nb6 {[%emt 0:00:06]} Rb8 {[%emt 0:00:10]} 18. Nxc8 {[%emt 0:00:24]} Rxc8 {[%emt 0:00:01]} 19. Rad1 {[%emt 0:00:03]} Bc7 {[%emt 0:00:04]} 20. Qc3 {[%emt 0:00:14]} Qf6 {[%emt 0:00:03] Halligalli1601 gibt auf (Lag: Av=0.14s, max=0.2s)} 0-1